Rap Duos by Members - Statistics

General Stats
  • This quiz has been taken 31 times
  • The average score is 7 of 24
Answer Stats
Members Duo % Correct
André 3000 & Big Boi OutKast
96%
MF DOOM & Madlib Madvillain
68%
Ye & Kid Cudi KIDS SEE GHOSTS
64%
Prodigy & Havoc Mobb Deep
57%
Travis Scott & Kid Cudi THE SCOTTS
50%
Eminem & Royce da 5′9″ Bad Meets Evil
43%
Travis Scott & Quavo Huncho Jack
32%
Swae Lee & Slim Jxmmi Rae Sremmurd
32%
Ye & Ty Dolla $ign ¥$
29%
Pusha T & No Malice Clipse
29%
Killer Mike & El-P Run the Jewels
29%
Danger Mouse & MF DOOM Danger Doom
21%
Yasiin Bey (Mos Def) & Talib Kweli Black Star
18%
Guru & DJ Premier Gang Starr
18%
Jay-Z & Beyoncé The Carters
18%
Bun B & Pimp C UGK
18%
Pharrell Williams & Chad Hugo The Neptunes
14%
Anderson .Paak & Knxwledge NxWorries
11%
Royce da 5′9″ & DJ Premier PRhyme
11%
Kurupt & Daz Dillinger Tha Dogg Pound
11%
MF DOOM & Jneiro Jarel JJ DOOM
7%
Liffy Stokes & Mayz Speedknot Mobstaz
4%
Big Sean & Jhené Aiko TWENTY88
4%
Kid Cudi & Dot da Genius WZRD
4%
No matching quizzes found
Score Distribution
Percent of People with Each Score
Percentile by Number Answered
Your Score History
You have not taken this quiz